| 000 | 01001nam a22002417a 4500 | ||
|---|---|---|---|
| 008 | 081125t xxu||||| |||| 00| 0 eng d | ||
| 010 | _aENG-91819 | ||
| 020 |
_a9780415480048 _c750.00 |
||
| 035 | _aEN-75352 | ||
| 037 | _bDBAD / PUB | ||
| 040 |
_adpl _bEnglish |
||
| 082 | _a327.54 | ||
| 245 |
_aIndian foreign policy in a unipolar world / _cedited by Harsh V. Pant |
||
| 260 |
_aNew Delhi _bRoutledge _c2009 |
||
| 270 |
_a912-915, Tolstoy House, 15-17, Tolstoy Marg, _bNew Delhi _e110001 |
||
| 300 |
_aviii, 377p. _c23cm (Hb) |
||
| 490 | _aWar and international politics in South Asia;edited by Srinath Raghavan | ||
| 500 | _aIncludes bibliographical references and index | ||
| 651 |
_aIndia _xForeign relations _y21st century |
||
| 700 | _aHarsh V. Pant | ||
| 942 |
_2ddc _cEN _mIND _h327.54 |
||
| 999 |
_c19109 _d19109 |
||